| 000 | 00359nam a22001697a 4500 | ||
|---|---|---|---|
| 003 | UA-OsUOA | ||
| 001 | 4761 | ||
| 007 | ta | ||
| 008 | 20050721b un ||||| |||| 00| 0 ukr d | ||
| 100 | _aMcMurrey | ||
| 700 | _aDavid A. | ||
| 942 | _cBK | ||
| 040 |
_aUA-OsUOA _cUA-OsUOA _dUA-OsUOA |
||
| 245 |
_aWriting Fundamentals. _bWriting |
||
| 955 | _a2 | ||
| 650 | 7 | _2UDC | |
| 999 |
_c290923 _d290923 |
||